載入...
The myth against myth /
| 主要作者: | |
|---|---|
| 格式: | Printed Book |
| 出版: |
Oxford :
Oxford University Press.
1972.
|
| 主題: |
| LEADER | 00428cam a2200133ua 4500 | ||
|---|---|---|---|
| 082 | 1 | 4 | |a 821.8YEA09 |b ALB-T |
| 100 | 1 | |a Albright, Daniel. | |
| 245 | 1 | 0 | |a The myth against myth / |
| 260 | |a Oxford : |b Oxford University Press. |c 1972. | ||
| 300 | |a 195p. ; | ||
| 650 | 0 | |a English poetry - criticism | |
| 942 | |c BK | ||
| 999 | |c 28380 |d 28380 | ||
| 952 | |0 0 |1 0 |4 0 |6 821_000000000000000_8YEA09_ALBT |7 0 |9 36305 |a KU |b KU |d 2015-07-05 |o 821.8YEA09 ALB-T |p EN07770 |y BK | ||